Possibilities of Yield Increase in Membrane Crystallization
Saved in:
| Main Author: | |
|---|---|
| Other Authors: | |
| Format: | Manuscript Book |
| Language: | Slovak English |
| Published: |
2024
|
| Subjects: | |
| Online Access: | http://is.stuba.sk/zp/portal_zp.pl?podrobnosti=176616 |
| Tags: |
No Tags, Be the first to tag this record!
|
MARC
| LEADER | 00000ntm a22000003a 4500 | ||
|---|---|---|---|
| 001 | stuzp99252 | ||
| 003 | SK-STU | ||
| 005 | 20240601210537.0 | ||
| 007 | ta | ||
| 008 | 150427s2015----xo-----f-mn---000-0-slo-d | ||
| 040 | |a STU |b slo | ||
| 041 | 0 | |a eng | |
| 100 | 1 | |a Komačková, Ester |u 046230 |4 aut |U FCHPT Ústav chemického a environmentálneho inžinierstva |T FCHPT Oddelenie chemického a biochemického inžinierstva |X 104301 |U C6230 |Y 119 |7 104301 | |
| 242 | 0 | 1 | |a Možnosti zvýšenia výťažku pri membránovej kryštalizácii |y slo |
| 245 | 1 | 0 | |a Possibilities of Yield Increase in Membrane Crystallization |
| 260 | |c 2024 | ||
| 650 | 4 | |a hydroxid horečnatý |2 slo | |
| 650 | 4 | |a membránová kryštalizácia |2 slo | |
| 650 | 4 | |a iónová výmena |2 slo | |
| 650 | 4 | |a magnesium hydroxide |2 eng | |
| 650 | 4 | |a membrane crystallization |2 eng | |
| 650 | 4 | |a ion-exchange |2 eng | |
| 700 | 1 | |a Červeňanský, Ivan |u 046230 |k Z1 |4 ths |U FCHPT Ústav chemického a environmentálneho inžinierstva |T FCHPT Oddelenie chemického a biochemického inžinierstva |X 44034 |U C6230 |Y 119 |7 A00000044034 | |
| 856 | 4 | |u http://is.stuba.sk/zp/portal_zp.pl?podrobnosti=176616 | |